|
|
|
|
| LEADER |
00948nam a22002537a 4500 |
| 001 |
42133 |
| 003 |
BD-DhAAL |
| 005 |
20240208145135.0 |
| 008 |
240208n nyu||||| |||| 001 0 eng d |
| 020 |
|
|
|a 1893005178
|
| 020 |
|
|
|a 9781893005174
|
| 082 |
|
|
|2 22
|a 616.8527
|
| 245 |
|
|
|a Mayo Clinic on depression /
|c Keith Kramlinger, editor in chief.
|
| 260 |
|
|
|a Rochester, Minnesota :
|b Mayo Clinic,
|c 2001
|
| 300 |
|
|
|a 194 pages :
|b illustrations ;
|c 23 cm.
|
| 500 |
|
|
|a Includes index.
|
| 541 |
|
|
|a Donated By Rebecca Dipa Khan
|e 42133
|
| 650 |
|
|
|a Depression, Mental.
|9 56014
|
| 650 |
|
|
|a Manic-depressive illness.
|9 56015
|
| 700 |
|
|
|a Kramlinger, Keith.
|9 56016
|
| 710 |
|
|
|a Mayo Clinic.
|9 56017
|
| 942 |
|
|
|2 ddc
|c BK
|
| 999 |
|
|
|c 46392
|d 46392
|
| 952 |
|
|
|0 0
|1 0
|2 ddc
|4 0
|6 616_852700000000000_MAY
|7 0
|9 75122
|a BRACUL
|b BRACUL
|c GEN
|d 2024-02-08
|e Donated By Rebecca Dipa Khan
|l 3
|m 11
|o 616.8527 MAY
|p 3010042133
|q 2026-05-17
|r 2026-04-06
|s 2026-04-06
|t 1
|w 2024-02-08
|y BK
|